MARC details
| 000 -BAŞLIK |
| Sabit Uzunluktaki Kontrol Alanı |
03903nam a22003977a 4500 |
| 001 - KONTROL NUMARASI |
| Control Dosyası |
0017928 |
| 003 - KONTROL NUMARASI KİMLİĞİ |
| Kontrol Alanı |
KOHA_MİRAKIL |
| 005 - EN SON İŞLEM TARİHİ ve ZAMANI |
| Kontrol Alanı |
20260207002158.0 |
| 007 - FİZİKSEL TANIM SABİT ALAN - GENEL BİLGİ |
| Sabit uzunluklu kontrol alanı |
ta |
| 008 - SABİT UZUNLUKTAKİ VERİ ÖGELERİ - GENEL BİLGİ |
| Sabit Alan |
100610b2010 tu |||gr||||#0|||0|tur | |
| 020 ## - ISBN - ULUSLARARASI STANDART KİTAP NUMARASI |
| Isbn |
9789754828740 |
| 020 ## - ISBN - ULUSLARARASI STANDART KİTAP NUMARASI |
| Isbn |
9754828741 |
| Kullanılabilirlik koşulları |
0,01 |
| 040 ## - KATALOGLAMA KAYNAĞI |
| Özgün Kataloglama Kurumu |
TR-BiSEU |
| Kataloglama Dili |
tur |
| Çeviri Kurumu |
TR-BiSEU |
| Açıklama Kuralları |
rda |
| 041 0# - DİL KODU |
| Metin ya da ses kaydının dil kodu |
tur |
| 044 ## - YAYINLAYAN/ÜRETEN KURULUŞUN ÜLKE KODU |
| ISO country code |
tu |
| 050 ## - SINIFLAMA ve YER NUMARASI |
| Sınıflama Numarası |
JA26 |
| Yer Numarası |
.G88 2010 |
| 100 1# - KİŞİ ADI |
| Yazar Adı (Kişi adı) |
Güven, Tansel. |
| 245 1# - ESER ADI BİLDİRİMİ |
| Başlık |
Siyasi ilimler mecmuası 1931-1955 : |
| Alt Eseradı vb. |
Mülkiye mektebi mecmuası, Mülkiye mecmuası, Mülkiye içtimai ilimler mecmuası, aylık siyasi ilimler mecmuası- ilmi rövü ; inceleme ve dizin/ |
| Sorumluluk Bildirimi |
Tansel Güven ; Tansel Güven. |
| 264 #1 - ÜRERİM, YAYIN, DAĞITIM ve TELİF BİLDİRİMİ |
| Yayın yeri |
Ankara : |
| Yayınlayan |
Ankara Üniversitesi Siyasal Bilgiler Fakültesi |
| Yayın tarihi |
2010 |
| 300 ## - FİZİKSEL TANIMLAMA |
| Sayfa, Cilt vb. |
xii, 367 sayfa; 25 cm. |
| 336 ## - İÇERİK TÜRÜ |
| Content type term |
metin |
| Content type code |
txt |
| Source |
rdacontent |
| 337 ## - MEDYA TÜRÜ |
| Media type term |
aracısız |
| Media type code |
n |
| Source |
rdamedia |
| 338 ## - TAŞIYICI TÜRÜ |
| Carrier type term |
cilt |
| Carrier type code |
nc |
| Source |
rdacarrier |
| 490 1# - DİZİ BİLDİRİMİ |
| Dizi Bildirimi |
Ankara Üniversitesi Siyasal Bilgiler Fakültesi Yayın No ; |
| Cilt Numarası |
599. |
| 490 1# - DİZİ BİLDİRİMİ |
| Dizi Bildirimi |
Kamu Yönetimi Araştırma ve Uygulama Merkezi Yayın No ; |
| Cilt Numarası |
6. |
| 500 ## - GENEL NOT |
| Genel Not |
Kaynakça ve dizin var. |
| 505 ## - İÇİNDEKİLER NOTU |
| İçindekiler Notu |
BİRİNCİ BÖLÜM: SİYASİ İLİMLER MECMUASI ÜZERİNE...........1 |
| 650 #0 - KONU BAŞLIĞI EK GİRİŞ - KONU TERİMİ |
| Konusal terim veya coğrafi ad |
Siyasal bilim--Süreli yayınlar. |
| 9 (RLIN) |
41676 |
| 650 #0 - KONU BAŞLIĞI EK GİRİŞ - KONU TERİMİ |
| Konusal terim veya coğrafi ad |
Türkiye--Politika ve yönetim--Süreli yayınlar--Dizin. |
| 9 (RLIN) |
41677 |
| 650 #0 - KONU BAŞLIĞI EK GİRİŞ - KONU TERİMİ |
| Konusal terim veya coğrafi ad |
Political science--Periodicals. |
| 9 (RLIN) |
41678 |
| 650 #0 - KONU BAŞLIĞI EK GİRİŞ - KONU TERİMİ |
| Konusal terim veya coğrafi ad |
Turkey--Politics and government--Periodicals--Indexes. |
| 9 (RLIN) |
41679 |
| 830 1# - SERİ EK GİRİŞİ - TEKBİÇİM ESER ADI |
| Tekbiçim Başlık |
Ankara Üniversitesi Siyasal Bilgiler Fakültesi Yayın No ; |
| Volume number/sequential designation |
599. |
| 9 (RLIN) |
41680 |
| 830 1# - SERİ EK GİRİŞİ - TEKBİÇİM ESER ADI |
| Tekbiçim Başlık |
Kamu Yönetimi Araştırma ve Uygulama Merkezi Yayın No ; |
| Volume number/sequential designation |
6. |
| 9 (RLIN) |
41681 |
| 907 ## - LOCAL DATA ELEMENT G, LDG (RLIN) |
| a |
İnceleme |
| 942 ## - EK GİRİŞ ÖGELERİ (KOHA) |
| Source of classification or shelving scheme |
Library of Congress Classification |
| Koha item type |
Book |
| 505 ## - İÇİNDEKİLER NOTU |
| -- |
I. Dergi Hakkında Bilgi ve Çıkış Amacı: "Bilinen Şeyleri Okumak |
| -- |
Kadar Bilinen Şeyleri Yazmak |
| -- |
İhtiyacı......................................................2 II. |
| -- |
Mülkiye Mecmuaları Dönemi (Nisan 1931 - Haziran 1937): Rasyonalizasyon |
| -- |
Temelli Yönetsel |
| -- |
Düşünce...............................................9 A. Bilimsel |
| -- |
Yönetim Okulunun |
| -- |
Etkileri...................................................15 B. |
| -- |
Rasyonalizasyon Çerçevesinde Devletin Yeniden Yapılanması..........19 |
| -- |
C. Memur Statüsünün Yeniden |
| -- |
Düzenlenmesi.........................................23 IILSiyasi |
| -- |
İlimler Mecmuası Dönemi (Temmuz 1937 - Aralık 1957): Yönetim |
| -- |
Düşününde Arayış |
| -- |
Yılları...........................................................26 |
| -- |
A. Almanya Etkisi ve Faşizmin Yükselişi (Temmuz 1937-Aralık |
| -- |
1945)......27 1. Parti İlkelerine Bağlı Memur ve |
| -- |
Bürokrasi.......................................28 2. Kültür |
| -- |
Politikası.................................................................................30 |
| -- |
B. ABD Etkisi ve Demokrasi (Ocak 1946-Aralık |
| -- |
1957)........................32 1. Yabancı Uzman Raporlarıyla |
| -- |
İdarenin Yeniden Düzenlenmesi: Tepkili Uçak Türkiyesi'nden Öküz |
| -- |
Arabası Türkiye'sine Geçiş.........32 2.Demokrasi ve |
| -- |
Eğitim..........................................................................38 |
| -- |
3. Davranışçı Okulunun Belirmeye |
| -- |
Başlaması......................................39 IV. Aktarmacılık |
| -- |
Anlayışı ve Mecmuanın Kapanışı................................40 |
| -- |
Değerlendirme.............................................................................................41 |
| -- |
|
| -- |
Kaynakça.....................................................................................................43 |
| -- |
Ek: Dergide Yayımlanan Makale ve Sayfa |
| -- |
Sayıları................................47 İKİNCİ BÖLÜM: DERGİ |
| -- |
SAYISINA GÖRE MAKALELER.............55 ÜÇÜNCÜ BÖLÜM: YAZAR ADINA |
| -- |
GÖRE MAKALELER.............169 DERGİ SAYISINA GÖRE |
| -- |
DİZİN..........................................................343 |
| -- |
YAZARLARA GÖRE |
| -- |
DİZİN..................................................................351 |
| -- |
|